000 00960nam a2200265Ia 4500
003 OSt
005 20220923225135.0
006 a|||||r|||| 00| 0
007 ta
008 220922b |||||||| |||| 00| 0 mar d
024 _a258,243
037 _cTextual
040 _aARTS
_cARTS
_bmar
041 _2mar
_amar
082 _aO142,3NANx, 155M0
100 _aअॅडरसन, केनेथ; आपटे, वा0 शि0
_9168415
245 0 _aनरभक्षकाचं आव्हान
246 _aNarabhakṣhakāchan āvhāna
260 _aमुंबई
_b ब्लॅकी अॅंडसन पब्लिशर्स प्रा0 लि0
300 _a208पृ0
_ccm.
650 _a रशियन कहानी
650 _aरशियन कहानी
942 _hO142,3NANx, 155M0
_cTEXL
_2CC
999 _c376334
_d376334